| Tag |
First Indicator |
Second Indicator |
Subfields |
| LEADER |
00000cam a2200000 a 4500 |
| 001 |
in00002437726 |
| 005 |
20151109201201.0 |
| 008 |
080716s2008 si a b 001 0 eng c |
| 020 |
|
|
|a 981283589X (pbk.)
|
| 020 |
|
|
|a 9789812835895 (pbk.)
|
| 020 |
|
|
|a 9812834419
|
| 020 |
|
|
|a 9789812834416
|
| 035 |
|
|
|a (OCoLC)ocn259680458
|
| 035 |
|
|
|a (OCoLC)259680458
|
| 040 |
|
|
|a YDXCP
|c YDXCP
|d BWX
|d UAT
|d TXA
|d UtOrBLW
|
| 042 |
|
|
|a pcc
|
| 049 |
|
|
|a TXAM
|
| 050 |
|
4 |
|a QB981
|b .O94 2008
|
| 050 |
|
4 |
|a QB791.3
|b O95 2008
|
| 100 |
1 |
|
|a Overduin, J. M.
|q (James Martin),
|d 1965-
|
| 245 |
1 |
4 |
|a The light/dark universe :
|b light from galaxies, dark matter and dark energy /
|c James M. Overduin, Paul S. Wesson.
|
| 264 |
|
1 |
|a Singapore ;
|a Hackensack, NJ :
|b World Scientific,
|c [2008]
|
| 264 |
|
4 |
|c ©2008
|
| 300 |
|
|
|a ix, 225 pages :
|b illustrations ;
|c 23 cm.
|
| 336 |
|
|
|a text
|b txt
|2 rdacontent
|
| 337 |
|
|
|a unmediated
|b n
|2 rdamedia
|
| 338 |
|
|
|a volume
|b nc
|2 rdacarrier
|
| 504 |
|
|
|a Includes bibliographical references (pages 203-216) and index.
|
| 650 |
|
0 |
|a Olbers' paradox.
|
| 650 |
|
0 |
|a Dark matter (Astronomy)
|
| 650 |
|
0 |
|a Dark energy (Astronomy)
|
| 650 |
|
0 |
|a Galaxies
|x Spectra.
|
| 650 |
|
0 |
|a Cosmology.
|
| 700 |
1 |
|
|a Wesson, Paul S.
|
| 938 |
|
|
|a YBP Library Services
|b YANK
|n 2881208
|
| 938 |
|
|
|a Blackwell Book Service
|b BBUS
|n R9747369
|c $35.00
|
| 945 |
|
|
|a PromptCat
|b 567197
|
| 946 |
|
|
|a stk
|
| 947 |
|
|
|a A14836690474
|
| 994 |
|
|
|a C0
|b TXA
|
| 948 |
|
|
|a cataloged
|b h
|c 2008/12/8
|d c
|e nbehmer
|f 10:45:44 am
|
| 999 |
|
|
|a MARS
|
| 999 |
f |
f |
|s a4428c07-ff89-3afa-9e4b-88b14d636c26
|i 7fa49559-fe7f-32ef-899d-590c732115da
|t 0
|
| 952 |
f |
f |
|p normal
|a Texas A&M University
|b College Station
|c Sterling C. Evans Library
|d Evans: Library Stacks
|t 0
|e QB791.3 O95 2008
|h Library of Congress classification
|i unmediated -- volume
|m A14836690474
|
| 998 |
f |
f |
|a QB791.3 O95 2008
|t 0
|l Evans: Library Stacks
|